Visualizzazione normale
Vista MARC
- Marischka Ernst
di Personal Name
Records bibliografici associati: 1
001 - CONTROL NUMBER
- control field: 11259
003 - CONTROL NUMBER IDENTIFIER
- control field: IT-RoPau
005 - DATE AND TIME OF LATEST TRANSACTION
- control field: 20140128174654.0
008 - FIXED-LENGTH DATA ELEMENTS
- fixed length control field: 140128|| aca||aabn | a|a d
040 ## - CATALOGING SOURCE
- Original cataloging agency: IT-RoPau
- Transcribing agency: IT-RoPau
100 ## - HEADING--PERSONAL NAME
- Personal name: Marischka Ernst
- Miscellaneous information: Codice autore SPICS: 27505
- Relator term: Autore
- Name of part/section of a work: Ob Blond, Ob Braun, Ich Liebe alle Frau'n
670 ## - SOURCE DATA FOUND
- Source citation: Work cat.: (IT-RoPau)100004: AA.VV. 794, James Last Spielt-Robert Stolz